000 00416nam a2200181Ia 4500
001 19475
005 20260306172656.0
008 260306t2008||||xx |||||||||||||| ||spa||
041 _aESP
082 _a340
_bA59
100 _aAndía Chávez, Juan
_eAUT
245 0 _aLa crisis del derecho
260 _c2008
300 _a73 páginas :
_c21 cm.
650 _aGEN
654 _aCDE
942 _cLIB
_dJUS
_fJUS
_2ddc
_n
999 _c19475
_d19475